[Event "Barcelona Sants op-A 23rd"]
[Site "Barcelona"]
[Date "2022.08.23"]
[Round "5"]
[White "Severri Arrese, Carlos"]
[Black "Jose Iraeta, Alexandre"]
[Result "1/2-1/2"]
[WhiteElo "1669"]
[BlackElo "1879"]
[PlyCount "115"]
[EventDate "2022.08.19"]
[EventType "swiss"]
[EventRounds "10"]
[EventCountry "ESP"]
[SourceTitle "CBM 209 Extra"]
[Source "ChessBase"]
[SourceDate "2022.09.30"]
[SourceVersion "1"]
[SourceVersionDate "2022.09.30"]
[SourceQuality "1"]

1. e4 c5 2. Nf3 g6 3. c3 Bg7 4. d4 cxd4 5. cxd4 d5 6. e5 Bg4 7. h3 Bxf3 8. Qxf3 e6 9. Nc3 a6 10. Be3 Nc6 11. g4 f6 12. exf6 Nxf6 13. Bg2 0-0 14. Qe2 Qb6 15. 0-0 Nd7 16. Rad1 Rac8 17. Qd2 Qb4 18. Ne2 Nb6 19. Nf4 Qxd2 20. Rxd2 Nxd4 21. Nxe6 Nxe6 22. Bxb6 Nf4 23. Bxd5+ Nxd5 24. Rxd5 Bxb2 25. Rd7 Rf7 26. Rxf7 Kxf7 27. Rb1 Rc1+ 28. Rxc1 Bxc1 29. Kf1 Ke6 30. Ke2 Kd5 31. Kd3 Bf4 32. f3 Bd6 33. Be3 b5 34. Bb6 Bb4 35. Bc7 a5 36. Bf4 a4 37. Bc1 Be7 38. Be3 b4 39. Bd2 b3 40. axb3 axb3 41. Bc3 Bd6 42. Bb2 Be5 43. Ba3 Bf6 44. Bb4 Bd4 45. Bf8 b2 46. Kc2 Bf6 47. Ba3 g5 48. Bb4 Kc4 49. Bd2 Kd5 50. Be3 Kc4 51. Bd2 b1Q+ 52. Kxb1 Kd3 53. Kc1 Ke2 54. f4 h6 55. Kc2 Kf3 56. fxg5 Bxg5 57. Bxg5 hxg5 58. h4 1/2-1/2

[Event "Barcelona Sant Marti op 21st"]
[Site "Barcelona"]
[Date "2019.07.20"]
[Round "8"]
[White "Lopez Capape, Armando"]
[Black "Severri Arrese, Carlos"]
[Result "1-0"]
[WhiteElo "1840"]
[BlackElo "1779"]
[PlyCount "91"]
[EventDate "2019.07.13"]
[EventType "swiss"]
[EventRounds "9"]
[EventCountry "ESP"]
[SourceTitle "EXT 2020"]
[Source "ChessBase"]
[SourceDate "2019.10.17"]
[SourceVersion "1"]
[SourceVersionDate "2019.10.17"]
[SourceQuality "1"]

1. c4 c5 2. Nf3 Nc6 3. Nc3 e5 4. g3 g6 5. Bg2 Bg7 6. d3 d6 7. Rb1 Nge7 8. e4 0-0 9. 0-0 h6 10. Ne1 Be6 11. Nc2 f5 12. f3 a5 13. Bd2 Nb4 14. Be1 Nxc2 15. Qxc2 Nc6 16. Bf2 Nb4 17. Qd2 Qd7 18. a3 Na6 19. Be3 Kh7 20. f4 Rad8 21. fxe5 dxe5 22. Nd5 Bxd5 23. cxd5 Qc7 24. Bh3 fxe4 25. dxe4 b6 26. Qe2 Rxf1+ 27. Rxf1 Nb8 28. Qf3 Rf8 29. Qg4 Rxf1+ 30. Kxf1 Bf8 31. Qc8 Qxc8 32. Bxc8 Bd6 33. a4 Kg7 34. Ke2 g5 35. Kd3 Kf7 36. Kc4 Ke7 37. Kb5 Kd8 38. Bg4 Kc7 39. h4 gxh4 40. gxh4 Be7 41. Bxh6 Bxh4 42. Bg7 Bg3 43. Bf6 Kb7 44. Be7 Bf2 45. d6 Nc6 46. Bc8+ 1-0

[Event "Barcelona Sant Marti op 21st"]
[Site "Barcelona"]
[Date "2019.07.19"]
[Round "7"]
[White "Severri Arrese, Carlos"]
[Black "Vedant, Nitin Vekhande"]
[Result "1/2-1/2"]
[WhiteElo "1779"]
[BlackElo "1620"]
[PlyCount "68"]
[EventDate "2019.07.13"]
[EventType "swiss"]
[EventRounds "9"]
[EventCountry "ESP"]
[SourceTitle "EXT 2020"]
[Source "ChessBase"]
[SourceDate "2019.10.17"]
[SourceVersion "1"]
[SourceVersionDate "2019.10.17"]
[SourceQuality "1"]

1. d4 Nf6 2. Bg5 g6 3. Bxf6 exf6 4. e3 Bg7 5. g3 0-0 6. Bg2 d6 7. c4 Nd7 8. Ne2 f5 9. Nbc3 Nf6 10. 0-0 Re8 11. Qc2 Rb8 12. b4 c6 13. a4 Be6 14. Qd3 Rc8 15. Nf4 a5 16. Nxe6 fxe6 17. Rab1 Re7 18. Rfd1 Rd7 19. b5 c5 20. d5 e5 21. e4 f4 22. Bh3 b6 23. Kg2 g5 24. Be6+ Kh8 25. h3 Re7 26. Bxc8 Qxc8 27. g4 Nd7 28. Ne2 Rf7 29. Ng1 Nf8 30. Nf3 Bf6 31. Rh1 Ng6 32. Rbg1 h6 33. Kf1 Nh4 34. Rh2 Rg7 1/2-1/2

[Event "Barcelona Sant Marti op-A 19th"]
[Site "Barcelona"]
[Date "2017.07.21"]
[Round "9.65"]
[White "Claramunt Bassegoda, Marcel"]
[Black "Severri Arrese, Carlos"]
[Result "1-0"]
[WhiteElo "1977"]
[BlackElo "1904"]
[PlyCount "75"]
[EventDate "2017.07.13"]
[EventType "swiss"]
[EventRounds "9"]
[EventCountry "ESP"]
[SourceTitle "EXT 2018"]
[Source "ChessBase"]
[SourceDate "2017.10.13"]
[SourceVersion "1"]
[SourceVersionDate "2017.10.13"]
[SourceQuality "1"]

1. e4 c5 2. Nc3 Nc6 3. f4 g6 4. Nf3 Bg7 5. Bc4 e6 6. 0-0 Nge7 7. d3 0-0 8. Qe1 d5 9. Bb3 Na5 10. f5 Nxb3 11. axb3 exf5 12. Bg5 f6 13. Bd2 Re8 14. Qf2 b6 15. Rfe1 d4 16. Nb5 a6 17. Qg3 fxe4 18. dxe4 Rf8 19. Bf4 Bb7 20. Nc7 Qd7 21. Nxa8 Rxa8 22. e5 Nd5 23. exf6 Bxf6 24. Ne5 Qf5 25. Nd3 Nxf4 26. Qxf4 Qd5 27. Qg4 Kh8 28. Nf4 Qf5 29. Qxf5 gxf5 30. Re6 Bg5 31. Rxb6 Be4 32. Nd3 Be3+ 33. Kf1 f4 34. Rbxa6 Rg8 35. Ne1 Rf8 36. Re6 f3 37. Rxe4 fxg2+ 38. Kxg2 1-0

[Event "Barcelona Sant Marti op-A 19th"]
[Site "Barcelona"]
[Date "2017.07.20"]
[Round "8"]
[White "Severri Arrese, Carlos"]
[Black "Perez Garcia, Adria"]
[Result "0-1"]
[WhiteElo "1904"]
[BlackElo "2123"]
[PlyCount "102"]
[EventDate "2017.07.13"]
[EventType "swiss"]
[EventRounds "9"]
[EventCountry "ESP"]
[SourceTitle "EXT 2018"]
[Source "ChessBase"]
[SourceDate "2017.10.13"]
[SourceVersion "1"]
[SourceVersionDate "2017.10.13"]
[SourceQuality "1"]

1. e4 c6 2. d4 d5 3. exd5 cxd5 4. Bd3 Nc6 5. c3 Nf6 6. Bf4 g6 7. Nd2 Bg7 8. Ngf3 0-0 9. h3 a6 10. 0-0 Bf5 11. Bxf5 gxf5 12. Ne1 e6 13. Nd3 Kh8 14. Re1 Rg8 15. Nf1 Bf8 16. Ng3 Rg6 17. Ne5 Nxe5 18. Bxe5 Bd6 19. Qe2 Bxe5 20. Qxe5 Qb8 21. Ne2 Qxe5 22. dxe5 Ne4 23. Nf4 Rgg8 24. f3 Nd2 25. Kf2 Nc4 26. Re2 Rab8 27. Rd1 b5 28. Rd4 a5 29. Nd3 Rgc8 30. Rh4 Nb6 31. Rd4 Rc4 32. g4 fxg4 33. hxg4 Rbc8 34. Rf4 Kg7 35. Kg3 Nd7 36. Rxc4 bxc4 37. Nf4 Rb8 38. Nh5+ Kf8 39. f4 Nc5 40. Nf6 Ke7 41. f5 Nd3 42. Nxh7 Rxb2 43. Re3 Rxa2 44. f6+ Ke8 45. Ng5 a4 46. Nf3 a3 47. g5 Rb2 48. g6 fxg6 49. Ng5 a2 50. f7+ Kf8 51. Rf3 Rg2+ 0-1

[Event "Barcelona Sant Marti op-A 19th"]
[Site "Barcelona"]
[Date "2017.07.19"]
[Round "7"]
[White "Prats Gaudo, Oscar"]
[Black "Severri Arrese, Carlos"]
[Result "1/2-1/2"]
[WhiteElo "2015"]
[BlackElo "1904"]
[PlyCount "121"]
[EventDate "2017.07.13"]
[EventType "swiss"]
[EventRounds "9"]
[EventCountry "ESP"]
[SourceTitle "EXT 2018"]
[Source "ChessBase"]
[SourceDate "2017.10.13"]
[SourceVersion "1"]
[SourceVersionDate "2017.10.13"]
[SourceQuality "1"]

1. d4 Nf6 2. Bf4 d5 3. e3 c5 4. c3 Nc6 5. Nf3 Bg4 6. Be2 Qb6 7. Qb3 e6 8. Nbd2 c4 9. Qc2 Bf5 10. Qc1 Rc8 11. h3 h6 12. 0-0 Be7 13. b3 cxb3 14. axb3 0-0 15. Qb2 a6 16. Rfc1 Nh7 17. Ne1 g5 18. Bh2 Qd8 19. Bd3 Bd6 20. e4 dxe4 21. Bxe4 Bxh2+ 22. Kxh2 g4 23. g3 Qf6 24. h4 Qg6 25. Bxf5 Qxf5 26. Nf1 Nf6 27. Ne3 Qe4 28. Qb1 h5 29. Qxe4 Nxe4 30. Nd3 f5 31. Kg2 Kf7 32. Nc4 Rcd8 33. Ra2 Rh8 34. Re2 Kf6 35. Nf4 Rh6 36. Nd2 Nxd2 37. Rxd2 Kf7 38. Re2 Rd6 39. Rce1 b5 40. b4 Ne7 41. Nd3 Nd5 42. Rc1 Nc7 43. Re5 Rh8 44. Rc5 Nd5 45. Nf4 Nxf4+ 46. gxf4 Rhd8 47. Ra1 R8d7 48. Rc8 Rb6 49. Kf1 Ke7 50. Ke2 Kd6 51. Rh8 Kd5 52. Kd3 Rc6 53. Rxh5 Rdc7 54. Ra3 a5 55. bxa5 b4 56. cxb4 Rc1 57. a6 Rd1+ 58. Ke2 Rcc1 59. Ra2 Ke4 60. a7 Re1+ 61. Kd2 1/2-1/2

[Event "Barcelona Sant Marti op-A 19th"]
[Site "Barcelona"]
[Date "2017.07.18"]
[Round "6"]
[White "Severri Arrese, Carlos"]
[Black "Colome Rovira, Oscar"]
[Result "1-0"]
[WhiteElo "1904"]
[BlackElo "1865"]
[PlyCount "98"]
[EventDate "2017.07.13"]
[EventType "swiss"]
[EventRounds "9"]
[EventCountry "ESP"]
[SourceTitle "EXT 2018"]
[Source "ChessBase"]
[SourceDate "2017.10.13"]
[SourceVersion "1"]
[SourceVersionDate "2017.10.13"]
[SourceQuality "1"]

1. d4 Nf6 2. Bg5 d5 3. Nf3 e6 4. e3 c5 5. c3 Nc6 6. Nbd2 cxd4 7. exd4 Be7 8. Bd3 0-0 9. 0-0 h6 10. Bh4 Bd7 11. Qe2 a5 12. a4 Nh7 13. Bxe7 Qxe7 14. Ne5 Nxe5 15. dxe5 f5 16. f4 Qc5+ 17. Qf2 Qxf2+ 18. Rxf2 g5 19. g3 Rf7 20. Nb3 b6 21. Nd4 gxf4 22. gxf4 Rg7+ 23. Rg2 Rxg2+ 24. Kxg2 Kf7 25. Be2 Rg8+ 26. Kf2 Nf8 27. Bf3 Ke7 28. Ke3 Be8 29. b4 Kd8 30. bxa5 bxa5 31. Rc1 Rg7 32. Be2 Rg2 33. Rb1 Bxa4 34. Ra1 Bd7 35. Rxa5 Rxh2 36. Ra8+ Ke7 37. Ra7 Rh3+ 38. Kd2 Ke8 39. Ra8+ Kf7 40. Ra7 Kg8 41. c4 dxc4 42. Bxc4 Kf7 43. Nxf5 Kg6 44. Nd4 h5 45. f5+ exf5 46. e6 Be8 47. Ra8 Rh4 48. Kc3 Rh3+ 49. Kb4 Rh4 1-0

[Event "Barcelona Paredes Memorial 19th"]
[Site "Barcelona"]
[Date "2017.05.13"]
[Round "4"]
[White "Severri Arrese, Carlos"]
[Black "Pera Muntasell, Marc"]
[Result "0-1"]
[WhiteElo "1908"]
[BlackElo "1735"]
[PlyCount "80"]
[EventDate "2017.04.22"]
[EventType "swiss"]
[EventRounds "9"]
[EventCountry "ESP"]
[SourceTitle "EXT 2018"]
[Source "ChessBase"]
[SourceDate "2017.10.13"]
[SourceVersion "1"]
[SourceVersionDate "2017.10.13"]
[SourceQuality "1"]

1. Nf3 Nf6 2. b3 b6 3. Bb2 Bb7 4. d3 d6 5. Nbd2 Nbd7 6. e3 e6 7. d4 d5 8. Bd3 Bd6 9. a4 a5 10. Ne5 Ne4 11. Bxe4 dxe4 12. Nxd7 Qxd7 13. Nc4 0-0 14. Nxd6 cxd6 15. 0-0 Rac8 16. c4 Rc7 17. Ba3 Ba6 18. d5 e5 19. f3 exf3 20. Qxf3 f5 21. Qh3 Rf6 22. Rf2 Bc8 23. Raf1 Qd8 24. Qh4 Rcf7 25. h3 Qc7 26. Qh5 Rg6 27. Kh2 Rff6 28. Qe2 Rh6 29. Rf3 Rfg6 30. Rg3 Rxg3 31. Kxg3 Qe7 32. Kh2 Qh4 33. Qf2 Qe4 34. g4 Qxg4 35. Qg3 Qe2+ 36. Rf2 Qd1 37. Qg5 Rxh3+ 38. Kxh3 Qh1+ 39. Kg3 f4+ 40. exf4 Qh3# 0-1

[Event "Barcelona Paredes Memorial 19th"]
[Site "Barcelona"]
[Date "2017.05.06"]
[Round "3"]
[White "Rodriguez Saez, Gerard"]
[Black "Severri Arrese, Carlos"]
[Result "1/2-1/2"]
[WhiteElo "1802"]
[BlackElo "1908"]
[PlyCount "131"]
[EventDate "2017.04.22"]
[EventType "swiss"]
[EventRounds "9"]
[EventCountry "ESP"]
[SourceTitle "EXT 2018"]
[Source "ChessBase"]
[SourceDate "2017.10.13"]
[SourceVersion "1"]
[SourceVersionDate "2017.10.13"]
[SourceQuality "1"]

1. e4 g6 2. d4 c6 3. Nc3 d5 4. e5 h5 5. Nf3 Bg4 6. h3 Bxf3 7. Qxf3 e6 8. Ne2 Nd7 9. c3 c5 10. Bd2 Qb6 11. b3 Rc8 12. Qd3 a6 13. Nf4 cxd4 14. cxd4 Bb4 15. Ne2 Ne7 16. Bxb4 Qxb4+ 17. Qd2 Nc6 18. Rd1 Qxd2+ 19. Rxd2 Nb4 20. f3 Ke7 21. Kf2 Rc7 22. g4 hxg4 23. fxg4 Rhc8 24. Bg2 Rc2 25. Rxc2 Rxc2 26. a3 Nc6 27. Ke3 Rb2 28. Rd1 Rxb3+ 29. Rd3 Rb2 30. h4 Nb6 31. h5 Nc4+ 32. Kf3 N6xe5+ 33. dxe5 Nxe5+ 34. Ke3 Nxg4+ 35. Kf4 gxh5 36. Bf3 Nf6 37. Re3 Rd2 38. Rb3 b5 39. a4 bxa4 40. Ra3 Nd7 41. Rxa4 Nc5 42. Ra5 Kd6 43. Bxh5 f6 44. Ra3 Rd3 45. Ra2 Rb3 46. Bf3 Nd3+ 47. Kg3 Nb4 48. Rd2 e5 49. Kg2 Rd3 50. Rb2 a5 51. Nc1 Rc3 52. Ne2 Rc2 53. Rb3 e4 54. Bh5 Ke5 55. Kf1 d4 56. Bg6 f5 57. Ng3 Rc3 58. Rxc3 dxc3 59. Ke2 Nc6 60. Nxf5 Kf4 61. Nd6 Nd4+ 62. Kd1 e3 63. Bd3 Kf3 64. Nb5 e2+ 65. Bxe2+ Nxe2 66. Kc2 1/2-1/2

[Event "Barcelona Sant Marti op 6th"]
[Site "Barcelona"]
[Date "2017.02.02"]
[Round "4"]
[White "Severri Arrese, Carlos"]
[Black "Subirana Santos, Marc"]
[Result "1-0"]
[WhiteElo "1931"]
[BlackElo "1690"]
[PlyCount "69"]
[EventDate "2017.01.12"]
[EventType "swiss"]
[EventRounds "9"]
[EventCountry "ESP"]
[SourceTitle "EXT 2018"]
[Source "ChessBase"]
[SourceDate "2017.10.13"]
[SourceVersion "1"]
[SourceVersionDate "2017.10.13"]
[SourceQuality "1"]

1. e4 e6 2. d4 d5 3. e5 c5 4. c3 Nc6 5. Nf3 Qb6 6. a3 c4 7. Be2 Nge7 8. Nbd2 Na5 9. 0-0 Bd7 10. Rb1 Nb3 11. Nxb3 Qxb3 12. Qxb3 cxb3 13. c4 Ba4 14. Be3 a6 15. Rbc1 dxc4 16. Bxc4 Nf5 17. Nd2 Be7 18. Bxb3 Bc6 19. Bc2 Nxe3 20. fxe3 Bg5 21. Rfe1 0-0 22. Be4 Bxe4 23. Nxe4 Bh6 24. Kf2 Rac8 25. Ke2 f6 26. exf6 gxf6 27. Nxf6+ Kg7 28. Ne4 b5 29. Kd3 Rcd8 30. Rc7+ Rf7 31. Rec1 e5 32. Rxf7+ Kxf7 33. Rc7+ Kf8 34. Nc5 Rd6 35. Nd7+ 1-0

[Event "Barcelona Tres Peons 8th"]
[Site "Barcelona"]
[Date "2016.02.17"]
[Round "6.8"]
[White "Severri Arrese, Carlos"]
[Black "Cabello Cabello, Jaime"]
[Result "1/2-1/2"]
[WhiteElo "1977"]
[BlackElo "1878"]
[PlyCount "78"]
[EventDate "2016.01.13"]
[EventType "swiss"]
[EventRounds "9"]
[EventCountry "ESP"]
[SourceTitle "EXT 2024"]
[Source "ChessBase"]
[SourceDate "2023.10.10"]
[SourceVersion "1"]
[SourceVersionDate "2023.10.10"]
[SourceQuality "1"]

1. e4 c5 2. Nc3 g6 3. g3 Bg7 4. Bg2 Nc6 5. d3 d6 6. Be3 Rb8 7. Qd2 Nd4 8. Nd1 e6 9. c3 Nc6 10. Ne2 Nge7 11. Bh6 0-0 12. Bxg7 Kxg7 13. Ne3 b5 14. d4 b4 15. 0-0 Ba6 16. Rfe1 Qa5 17. Ng4 Ng8 18. d5 Bxe2 19. Rxe2 bxc3 20. bxc3 exd5 21. exd5 Nd8 22. Rae1 f5 23. Ne3 Nf7 24. f4 Nf6 25. Bf3 Rfe8 26. Kg2 Qb5 27. Qc2 Rb7 28. a4 Qb3 29. Nxf5+ gxf5 30. Qxf5 Rxe2+ 31. Rxe2 Qxc3 32. Re6 Qd4 33. Kh3 c4 34. Bh5 c3 35. Bxf7 Kxf7 36. Rxd6 Rc7 37. Qe6+ Kg7 38. Rc6 Rf7 39. Qc8 Qxd5 1/2-1/2

[Event "Barcelona Tres Peons 8th"]
[Site "Barcelona"]
[Date "2016.01.13"]
[Round "1.11"]
[White "Severri Arrese, Carlos"]
[Black "Abreu Sanchez, Leonel Jesus"]
[Result "1-0"]
[WhiteElo "1977"]
[BlackElo "1861"]
[PlyCount "84"]
[EventDate "2016.01.13"]
[EventType "swiss"]
[EventRounds "9"]
[EventCountry "ESP"]
[SourceTitle "EXT 2024"]
[Source "ChessBase"]
[SourceDate "2023.10.10"]
[SourceVersion "1"]
[SourceVersionDate "2023.10.10"]
[SourceQuality "1"]

1. e4 e5 2. d4 exd4 3. Nf3 Bb4+ 4. c3 dxc3 5. bxc3 Bc5 6. Bc4 Ne7 7. Ng5 d5 8. exd5 Nf5 9. 0-0 0-0 10. Qf3 Nd6 11. Bd3 h6 12. Ne4 Nd7 13. Nxc5 Nxc5 14. Bc2 Re8 15. Be3 Nce4 16. Bd4 Qg5 17. c4 Bg4 18. Qd3 Bf5 19. f4 Qg6 20. Qb3 b6 21. Qa4 Nc5 22. Bxf5 Nxf5 23. Bxc5 bxc5 24. Qc2 Qg4 25. h3 Ne3 26. Qf2 Qf5 27. Rc1 Qd3 28. Qd2 Qe4 29. Nc3 Qxf4 30. Na4 Qd6 31. Rc3 Nf5 32. Rf1 Nd4 33. Re3 Rab8 34. Nc3 Qg6 35. Na4 Qd6 36. Qf2 Rf8 37. Nc3 Rb4 38. Ne4 Qg6 39. Nxc5 Rxc4 40. Ne6 Nxe6 41. dxe6 Rc2 42. exf7+ Rxf7 1-0

[Event "Barcelona Vila de Gracia op 9th"]
[Site "Barcelona"]
[Date "2015.11.06"]
[Round "6"]
[White "Ortega Rios, Jorge"]
[Black "Severri Arrese, Carlos"]
[Result "1/2-1/2"]
[WhiteElo "2120"]
[BlackElo "2143"]
[PlyCount "101"]
[EventDate "2015.10.02"]
[EventType "swiss"]
[EventRounds "9"]
[EventCountry "ESP"]
[SourceTitle "CBM 169 Extra"]
[Source "ChessBase"]
[SourceDate "2015.12.18"]
[SourceVersion "1"]
[SourceVersionDate "2015.12.18"]
[SourceQuality "1"]

1. e4 d6 2. d4 Nf6 3. Nc3 c6 4. Bd3 e5 5. dxe5 dxe5 6. Nf3 Qc7 7. 0-0 Bg4 8. Bg5 Nbd7 9. Qe2 Be7 10. a4 a5 11. Bc4 Nc5 12. h3 Bh5 13. Qe3 Bxf3 14. Qxf3 0-0 15. Qe3 Ne8 16. h4 Kh8 17. Bxe7 Qxe7 18. g3 Nc7 19. Kg2 N7e6 20. Ne2 Rfd8 21. Bxe6 Nxe6 22. Rfd1 Qb4 23. b3 Qc5 24. Qxc5 Nxc5 25. Kf3 g6 26. Ke3 Na6 27. Rac1 Kg7 28. Ng1 f6 29. Nf3 Nb4 30. Ne1 Kf7 31. Rxd8 Rxd8 32. Nd3 Na6 33. c3 Nc7 34. f4 exf4+ 35. gxf4 b6 36. Rf1 Re8 37. c4 Rg8 38. c5 Rb8 39. Rc1 b5 40. Rf1 bxa4 41. bxa4 Rb3 42. Rc1 Na6 43. Kd2 Ra3 44. Rc4 Ra2+ 45. Kc3 Rh2 46. Rd4 Ke7 47. Rd6 Nb8 48. e5 fxe5 49. Nxe5 Rxh4 50. Nxc6+ Nxc6 51. Rxc6 1/2-1/2

[Event "Barcelona Puig op 1st"]
[Site "Barcelona"]
[Date "2015.11.04"]
[Round "6.7"]
[White "Paquico Rodriguez, Ivan"]
[Black "Severri Arrese, Carlos"]
[Result "0-1"]
[WhiteElo "2135"]
[BlackElo "2158"]
[PlyCount "88"]
[EventDate "2015.09.30"]
[EventType "swiss"]
[EventRounds "9"]
[EventCountry "ESP"]
[SourceTitle "EXT 2024"]
[Source "ChessBase"]
[SourceDate "2023.10.10"]
[SourceVersion "1"]
[SourceVersionDate "2023.10.10"]
[SourceQuality "1"]

1. d4 d6 2. e4 Nf6 3. f3 c5 4. dxc5 Qa5+ 5. Nc3 Qxc5 6. Qd3 a6 7. Be3 Qa5 8. Nge2 Nc6 9. Qd2 e6 10. Nd4 Be7 11. Be2 0-0 12. 0-0 Qc7 13. a4 d5 14. exd5 exd5 15. Rad1 Bb4 16. Kh1 Re8 17. Rfe1 Bd7 18. Bg5 Nxd4 19. Qxd4 Bxc3 20. bxc3 Re6 21. c4 Rae8 22. Bxf6 gxf6 23. Qd2 dxc4 24. Bf1 Rxe1 25. Rxe1 Rxe1 26. Qxe1 Bxa4 27. Qc3 Qc6 28. f4 Kf8 29. Bxc4 Qd6 30. Bd3 Bc6 31. Qc4 h6 32. h3 Qd5 33. Qb4+ Kg7 34. Qd2 Bb5 35. Qb4 Bc6 36. Qd2 a5 37. Qf2 a4 38. Qg3+ Kf8 39. Be2 Qd4 40. f5 Qa1+ 41. Kh2 Qe5 42. Bc4 Ke7 43. Ba2 Be4 44. Bb1 Bxf5 0-1

[Event "Barcelona Vila de Gracia op 9th"]
[Site "Barcelona"]
[Date "2015.10.30"]
[Round "5"]
[White "Severri Arrese, Carlos"]
[Black "Munoz Pantoja, Miguel Angel"]
[Result "0-1"]
[WhiteElo "2143"]
[BlackElo "2498"]
[PlyCount "60"]
[EventDate "2015.10.02"]
[EventType "swiss"]
[EventRounds "9"]
[EventCountry "ESP"]
[SourceTitle "CBM 169 Extra"]
[Source "ChessBase"]
[SourceDate "2015.12.18"]
[SourceVersion "1"]
[SourceVersionDate "2015.12.18"]
[SourceQuality "1"]

1. e4 c5 2. Nc3 Nc6 3. g3 g6 4. Bg2 Bg7 5. Nge2 e6 6. h4 h6 7. d3 Nge7 8. Be3 Nd4 9. Qd2 d5 10. Nd1 b6 11. Bxd4 cxd4 12. Qb4 0-0 13. Nf4 dxe4 14. Bxe4 Rb8 15. Qd2 e5 16. Nh3 f5 17. Bg2 Bb7 18. Bxb7 Rxb7 19. f4 e4 20. Qg2 Qd5 21. dxe4 fxe4 22. Nhf2 Nf5 23. g4 Nd6 24. h5 Rxf4 25. hxg6 Qg5 26. Rh5 Qxg6 27. Qh1 Rbf7 28. Rh2 e3 29. Qa8+ Kh7 30. Nd3 Rf1+ 0-1

[Event "Barcelona Puig op 1st"]
[Site "Barcelona"]
[Date "2015.10.21"]
[Round "4.7"]
[White "Real Masdeu, Albert"]
[Black "Severri Arrese, Carlos"]
[Result "0-1"]
[WhiteElo "2085"]
[BlackElo "2158"]
[PlyCount "106"]
[EventDate "2015.09.30"]
[EventType "swiss"]
[EventRounds "9"]
[EventCountry "ESP"]
[SourceTitle "EXT 2024"]
[Source "ChessBase"]
[SourceDate "2023.10.10"]
[SourceVersion "1"]
[SourceVersionDate "2023.10.10"]
[SourceQuality "1"]

1. d4 g6 2. c4 Bg7 3. Nc3 c5 4. d5 Bxc3+ 5. bxc3 f5 6. h4 Nf6 7. Bf4 d6 8. e3 Qa5 9. Qc2 Ne4 10. Ne2 Nd7 11. f3 Nef6 12. Ng3 Ne5 13. h5 Rg8 14. Bxe5 dxe5 15. hxg6 hxg6 16. Bd3 Qc7 17. Ne2 Bd7 18. e4 f4 19. g4 Kf7 20. 0-0-0 Ne8 21. Rh7+ Rg7 22. Rdh1 Nf6 23. R7h6 Rag8 24. Qb2 Ne8 25. Qa3 b6 26. Kd2 Nd6 27. Re1 Kf8 28. Ng1 Nf7 29. Rh2 Ng5 30. Ree2 Be8 31. Ref2 Qd7 32. Rh6 Nf7 33. Rh1 Qa4 34. Qxa4 Bxa4 35. Rfh2 Ke8 36. Nh3 Rh7 37. Nf2 Rxh2 38. Rxh2 Rh8 39. Rxh8+ Nxh8 40. Bc2 Bd7 41. Nd3 Nf7 42. a4 Kd8 43. a5 Kc7 44. Kc1 Kd6 45. axb6 axb6 46. Kb2 Nd8 47. Ka3 b5 48. Nb2 Nf7 49. cxb5 Bxb5 50. c4 Bd7 51. Ba4 Bxa4 52. Kxa4 Ng5 53. Nd3 Nxf3 0-1